000 00494ntaaa2200181 4500
003 01
005 20251027202842.0
008 0714s1973 ag 01
040 _aAR-BaBN
_bspa
_cAR-BaBN
_eaacr
_dRIC
082 _a268.8600 D65a
100 _aDobbins, Gaines S
_94660
245 _aThe school in which we teach
250 _a1 ed.
260 _aNashville :
_bSunday School Board of the Southern Baptist Convention,
_cc1934
300 _a141 p
650 _aescuela dominical
_94648
942 _cBK
999 _c23906
_d23906